000 00941cam a22002654a 4500
001 12286325
005 20250222141037.0
008 010123s2002 maua b 001 0 eng c
020 _a0632043229
050 0 0 _aRG571
_b.M23 2002
082 0 0 _a618
_221
245 0 0 _aManagement of common problems in obstetrics and gynecology /
_cedited by Daniel R. Mishell, Jr., T. Murphy Goodwin, Paul F. Brenner.
250 _a4th ed.
260 _aMalden, Mass., USA :
_bBlackwell,
_cc2002.
300 _axiii, 513 p. :
_bill. ;
_c29 cm.
650 0 _aPregnancy
_xComplications.
650 0 _aGenerative organs, Female
_xDiseases.
650 1 2 _aGenital Diseases, Female
_xtherapy.
650 2 2 _aPregnancy Complications
_xtherapy.
700 1 _aMishell, Daniel R.
700 1 _aGoodwin, T. Murphy.
700 1 _aBrenner, Paul F.
856 4 2 _3Book review (E-STREAMS)
_uhttp://www.e-streams.com/es0509/es0509_2094.htm
942 _2lcc
_cBK
_e4th ed.
_n0
999 _c4133
_d4133